[Event "Biel Rapid op 58th"]
[Site "Biel"]
[Date "2025.07.13"]
[Round "9"]
[White "Frey, Fabian"]
[Black "Shumilov, Ruslan"]
[Result "1-0"]
[WhiteElo "2242"]
[BlackElo "1835"]
[PlyCount "51"]
[EventDate "2025.07.13"]
[EventType "swiss (rapid)"]
[EventRounds "9"]
[EventCountry "SUI"]
[SourceTitle "CB29_2025"]
[SourceDate "2025.07.16"]
[SourceVersion "1"]
[SourceVersionDate "2025.07.16"]
[SourceQuality "1"]

1. d4 Nf6 2. c4 e6 3. g3 d5 4. Bg2 c6 5. Nf3 Nbd7 6. Qc2 Bd6 7. 0-0 0-0 8. Nbd2 Rb8 9. e4 dxe4 10. Nxe4 Nxe4 11. Qxe4 c5 12. dxc5 Nxc5 13. Qc2 e5 14. b4 Ne6 15. c5 Be7 16. Nxe5 Bf6 17. Bb2 Nd4 18. Qe4 Bxe5 19. Qxe5 Nf5 20. Qxb8 Qd2 21. Qe5 Be6 22. Rad1 Qh6 23. Qc7 Bxa2 24. Rd8 g6 25. Rxf8+ Qxf8 26. Rd1 1-0

[Event "Biel Rapid op 58th"]
[Site "Biel"]
[Date "2025.07.13"]
[Round "7"]
[White "Koehler, Noe"]
[Black "Shumilov, Ruslan"]
[Result "0-1"]
[WhiteElo "1593"]
[BlackElo "1835"]
[PlyCount "50"]
[EventDate "2025.07.13"]
[EventType "swiss (rapid)"]
[EventRounds "9"]
[EventCountry "SUI"]
[SourceTitle "CB29_2025"]
[SourceDate "2025.07.16"]
[SourceVersion "1"]
[SourceVersionDate "2025.07.16"]
[SourceQuality "1"]

1. Nf3 Nf6 2. b3 b6 3. Bb2 Bb7 4. e3 h5 5. Be2 h4 6. h3 d5 7. c4 e6 8. Qc2 Nbd7 9. 0-0 c5 10. cxd5 Nxd5 11. a3 Rh5 12. d3 N7f6 13. Nbd2 Bd6 14. e4 Nf4 15. Nc4 Bc7 16. d4 Bxe4 17. Qd2 g5 18. dxc5 Qxd2 19. Ncxd2 Nxe2+ 20. Kh1 Bxf3 21. Bxf6 Bd5 22. Rfe1 Nf4 23. f3 bxc5 24. Rac1 Nd3 25. g4 hxg3 0-1

[Event "Biel Rapid op 58th"]
[Site "Biel"]
[Date "2025.07.13"]
[Round "5"]
[White "Shumilov, Ruslan"]
[Black "Bai, Xue"]
[Result "0-1"]
[WhiteElo "1835"]
[BlackElo "2124"]
[PlyCount "40"]
[EventDate "2025.07.13"]
[EventType "swiss (rapid)"]
[EventRounds "9"]
[EventCountry "SUI"]
[SourceTitle "CB29_2025"]
[SourceDate "2025.07.16"]
[SourceVersion "1"]
[SourceVersionDate "2025.07.16"]
[SourceQuality "1"]

1. e4 e5 2. Nf3 Nc6 3. d4 exd4 4. Nxd4 Nf6 5. Nc3 Bb4 6. f3 d5 7. Nxc6 bxc6 8. e5 Qe7 9. Qe2 Nd7 10. f4 d4 11. a3 dxc3 12. axb4 cxb2 13. Bxb2 Qxb4+ 14. c3 Qxf4 15. e6 Nf6 16. exf7+ Kxf7 17. g3 Qg5 18. Bc1 Qd5 19. Bg2 Qc5 20. Qe3 Re8 0-1